[Event "SRB-chT2 East CS"]
[Site "Serbia"]
[Date "2011.09.18"]
[Round "2.3"]
[White "Milenkovic, Blagoje"]
[Black "Panic, Milan"]
[Result "0-1"]
[WhiteElo "2121"]
[BlackElo "2265"]
[PlyCount "46"]
[EventDate "2011.09.11"]
[EventType "team"]
[EventRounds "11"]
[EventCountry "SRB"]
[SourceTitle "EXT 2015"]
[Source "ChessBase"]
[SourceDate "2014.11.20"]
[SourceVersion "1"]
[SourceVersionDate "2014.11.20"]
[SourceQuality "1"]

1. d4 Nf6 2. c4 e6 3. Nc3 Bb4 4. Qc2 0-0 5. Nf3 c5 6. dxc5 Na6 7. a3 Bxc3+ 8. Qxc3 Nxc5 9. b4 Nce4 10. Qd4 b6 11. g3 Ba6 12. Bg2 Rc8 13. b5 Bb7 14. Ng5 e5 15. Qxe5 Rxc4 16. Nxe4 Bxe4 17. f3 Re8 18. Qd6 Bd5 19. Bg5 Rc2 20. 0-0 Rexe2 21. Bh1 Qe8 22. Qf4 h6 23. Bxf6 Rg2+ 0-1

[Event "SRB-chT3 East"]
[Site "Kladovo"]
[Date "2008.10.25"]
[Round "9.4"]
[White "Milenkovic, Blagoje"]
[Black "Modric, Nesa"]
[Result "0-1"]
[WhiteElo "2115"]
[BlackElo "2230"]
[PlyCount "66"]
[EventDate "2008.09.14"]
[EventType "team"]
[EventRounds "11"]
[EventCountry "SRB"]
[SourceTitle "EXT 2012"]
[Source "ChessBase"]
[SourceDate "2011.11.24"]
[SourceVersion "1"]
[SourceVersionDate "2011.11.24"]
[SourceQuality "1"]

1. d4 d5 2. c4 c6 3. cxd5 cxd5 4. Nc3 Nf6 5. Nf3 Nc6 6. Ne5 e6 7. Nxc6 bxc6 8. Bg5 Qb6 9. Bc1 Ba6 10. g3 e5 11. e3 Bxf1 12. Kxf1 e4 13. Qe2 h5 14. h3 h4 15. g4 Nh7 16. f4 exf3 17. Qxf3 Ng5 18. Qf5 Be7 19. Kg2 Rh6 20. Rf1 Rf6 21. Qd3 Qc7 22. Ne2 Rxf1 23. Kxf1 Qh2 24. Qa6 Kf8 25. Qxc6 Rd8 26. Nf4 Nxh3 27. Nd3 Ng5 28. Nf2 h3 29. Bd2 Qg2+ 30. Ke2 Qf3+ 31. Kd3 Qxf2 32. Ba5 Ne4 33. Rd1 Qxb2 0-1

[Event "SRB-chT3 East"]
[Site "Kladovo"]
[Date "2008.10.25"]
[Round "10.3"]
[White "Mitrovic, Darko A"]
[Black "Milenkovic, Blagoje"]
[Result "1/2-1/2"]
[WhiteElo "2189"]
[BlackElo "2115"]
[PlyCount "81"]
[EventDate "2008.09.14"]
[EventType "team"]
[EventRounds "11"]
[EventCountry "SRB"]
[SourceTitle "EXT 2012"]
[Source "ChessBase"]
[SourceDate "2011.11.24"]
[SourceVersion "1"]
[SourceVersionDate "2011.11.24"]
[SourceQuality "1"]

1. e4 c6 2. d4 d5 3. Nc3 dxe4 4. Nxe4 Nf6 5. Nxf6+ exf6 6. Be2 Bd6 7. Nf3 Qc7 8. 0-0 0-0 9. h3 Rd8 10. c3 Nd7 11. Qc2 c5 12. Be3 b6 13. Nd2 Bb7 14. Bf3 cxd4 15. Bxd4 Rac8 16. Bxb7 Qxb7 17. Qe4 Qc7 18. Rfe1 Nf8 19. Qg4 Be5 20. Nf3 Ng6 21. h4 Bxd4 22. Nxd4 Ne5 23. Qg3 h5 24. Re4 Nc4 25. Qxc7 Rxc7 26. Re2 Rcd7 27. Rae1 Ne5 28. Re3 Nc4 29. Re8+ Rxe8 30. Rxe8+ Kh7 31. Re2 Ne5 32. Kf1 g6 33. g3 b5 34. a3 Rb7 35. Ke1 a5 36. Kd2 b4 37. axb4 axb4 38. Kc2 bxc3 39. bxc3 Kg7 40. Nb3 Re7 41. Nd2 1/2-1/2

[Event "SRB-chT3 East"]
[Site "Serbia"]
[Date "2007.??.??"]
[Round "3"]
[White "Milenkovic, Blagoje"]
[Black "Urosevic, Goran"]
[Result "0-1"]
[WhiteElo "2095"]
[BlackElo "2195"]
[PlyCount "84"]
[EventDate "2007.09.02"]
[EventType "team"]
[EventRounds "11"]
[EventCountry "SRB"]
[SourceTitle "EXT 2012"]
[Source "ChessBase"]
[SourceDate "2011.11.24"]
[SourceVersion "1"]
[SourceVersionDate "2011.11.24"]
[SourceQuality "1"]
[WhiteTeam "Paracin"]
[BlackTeam "Belgrade Radnicki"]
[WhiteTeamCountry "SRB"]
[BlackTeamCountry "SRB"]

1. d4 d5 2. c4 c6 3. Nc3 e6 4. Nf3 dxc4 5. e3 b5 6. a4 Bb4 7. Bd2 a5 8. axb5 Bxc3 9. Bxc3 cxb5 10. b3 Bb7 11. bxc4 b4 12. Bb2 Nf6 13. Bd3 Nbd7 14. 0-0 0-0 15. Nd2 Qc7 16. e4 e5 17. d5 Nc5 18. Bc2 Nfd7 19. f4 f6 20. fxe5 fxe5 21. Rxf8+ Rxf8 22. Nf3 b3 23. Bb1 a4 24. Qd2 Qb6 25. Qe3 Qf6 26. Ba3 Rc8 27. Bb2 Ba6 28. Nd2 Rf8 29. Bd3 Qf4 30. Qe2 Qf2+ 31. Kh1 Qxe2 32. Bxe2 Rf2 33. Re1 Nd3 34. Kg1 Rxe2 35. Rxe2 Nxb2 36. Nxb3 axb3 37. Rxb2 Bxc4 38. Kf2 Nc5 39. Ke3 Na4 40. d6 Kf8 41. Rf2+ Ke8 42. Kd2 b2 0-1

[Event "SRB-chT3 East"]
[Site "Serbia"]
[Date "2006.??.??"]
[Round "2"]
[White "Milenkovic, Blagoje"]
[Black "Zlatanovic, Boroljub"]
[Result "0-1"]
[WhiteElo "2072"]
[BlackElo "2331"]
[PlyCount "80"]
[EventDate "2006.09.10"]
[EventType "team"]
[EventRounds "11"]
[EventCountry "SRB"]
[SourceTitle "EXT 2012"]
[Source "ChessBase"]
[SourceDate "2011.11.24"]
[SourceVersion "1"]
[SourceVersionDate "2011.11.24"]
[SourceQuality "1"]

1. d4 g6 2. Nf3 Bg7 3. c4 d6 4. Nc3 Nd7 5. Bf4 e5 6. dxe5 dxe5 7. Bg5 f6 8. Bh4 Ne7 9. e4 0-0 10. Qc2 c6 11. Be2 Qb6 12. a3 Rd8 13. Rd1 Nc5 14. b4 Ne6 15. c5 Rxd1+ 16. Qxd1 Qd8 17. Qb3 Kh8 18. 0-0 Nf4 19. Rd1 Qe8 20. Rd6 g5 21. Bxg5 fxg5 22. Nxg5 Bd7 23. Nf7+ Kg8 24. Bc4 Kf8 25. h4 Nc8 26. Rd2 b5 27. cxb6 Nxb6 28. Ng5 h6 29. Nf3 Rd8 30. g3 Nxc4 31. Qxc4 Ne6 32. Na4 Bc8 33. Nc5 Rxd2 34. Nxd2 Nd4 35. Ncb3 Be6 36. Qc5+ Kg8 37. Nxd4 exd4 38. f3 Qd7 39. Kf2 Bf7 40. Ke2 Qh3 0-1